000 00971nam a2200277 4500
008 s2006 fr fre u
020 _a9782701142401
040 _aLB-BrCRDP
082 1 _a372.45
_bCHA
100 1 _aChauvet, Denis
245 1 0 _aMéthode de lecture - CP. Le syllabaire
_cDenis Chauvet , Olivier Terttre
260 _aParis
_bBelin
_c2006
300 _a90 p.
_c30 cm
490 0 _aGrand large
500 _aFichier photocopiable.
520 _aLe syllabaire " Grand large " est un outil d'entraînement collectif qui permet de systématiser la lecture de syllabes.Il offre la possibilité théorique de combiner 1620 syllabes écrites différemment.
650 4 _aOrthographe
650 4 _aMémorisation
650 4 _aApprentissage de la lecture
650 4 _aActivités de lecture
650 4 _aEcole primaire
650 4 _aEB1
700 1 _aTerttre, Olivier
942 _cBK
999 _c3405
_d3405